00299nam a22000977a 4500008004100000082001600041100000800057245010600065260002200171300000800193230621b xxu||||| |||| 00| 0 eng d a328.30bCPA cCPA a8thCommonwealth Parliamentary Conference of Members from Small LegislaturesbTasmania, Australia 1988 aLondonbCPAc1988 a68p